Champs algébriques /
Guardado en:
| Autor Principal: | |
|---|---|
| Otros Autores: | |
| Formato: | Libro |
| Idioma: | French |
| Publicado: |
Berlin :
Springer,
c2000.
|
| Series: | Ergebnisse der Mathematik und ihrer Grenzgebiete ;
3. Folge, Bd. 39. |
| Etiquetas: |
Agregar Etiqueta
Sin Etiquetas, Sea el primero en etiquetar este registro!
|
| LEADER | 00781nam a22002055a 4500 | ||
|---|---|---|---|
| 001 | MAT.inmabb000245 | ||
| 008 | 990719s2000####gw#a#####b####001#0#fre## | ||
| 005 | 20130304121654.0 | ||
| 245 | 1 | 0 | |a Champs algébriques / |c Gérard Laumon, Laurent Moret-Bailly. |
| 260 | |a Berlin : |b Springer, |c c2000. | ||
| 300 | |a xii, 208 p. : |b il. ; |c 24 cm. | ||
| 490 | 1 | |a Ergebnisse der Mathematik und ihrer Grenzgebiete |x 0071-1136 |v 3. Folge, v. 39 | |
| 504 | |a Includes bibliographical references (p. [201]-203) and index. | ||
| 510 | 4 | |a MR, |c 2001f:14006 | |
| 020 | |a 3540657614 | ||
| 100 | 1 | |a Laumon, Gérard. | |
| 700 | 2 | |a Moret-Bailly, Laurent. | |
| 830 | 0 | |a Ergebnisse der Mathematik und ihrer Grenzgebiete ; |v 3. Folge, Bd. 39. | |
| 084 | |a 14A20 (14D20) |2 msc2000 | ||
| 859 | |h 14 |i L375 |p A-7984 |b BIB. MATEMATICA | ||
